[Event "2nd Metropolitan International"]
[Site "Los Angeles USA"]
[Date "2012.08.16"]
[Round "4"]
[White "Akobian,V"]
[Black "Sevian,Samuel"]
[Result "1-0"]
[WhiteElo "2617"]
[BlackElo "2316"]

1.d4 Nf6 2.Nf3 c5 3.d5 e6 4.c4 exd5 5.cxd5 d6 6.Nc3 g6 7.g3 Bg7 8.Bg2 O-O
9.O-O a6 10.a4 Re8 11.Bf4 Nh5 12.Bg5 Qc7 13.Qd2 Nd7 14.Bh6 Bh8 15.e4 Nhf6
16.Qf4 Ne5 17.Nxe5 Rxe5 18.h3 Re8 19.Qd2 Bd7 20.f4 Nh5 21.Kh2 Bg7 22.Bxg7 Nxg7
23.Rae1 h5 24.e5 Bf5 25.g4 hxg4 26.hxg4 Bxg4 27.Ne4 Nh5 28.Nxd6 Red8 29.Ne4 Kg7
30.d6 Qb6 31.a5 Qb5 32.Qc3 Be6 33.Nxc5 Rac8 34.b4 Rh8 35.Kg1 b6 36.axb6 Qxb6
37.Qd4 Qb5 38.Re3 a5 39.Nxe6+ fxe6 40.Qa7+ Kh6 41.bxa5 Rc2 42.Be4 Rc4 43.Bd3 Rg8
44.Rh3 Qc5+ 45.Qxc5 Rxc5 46.Ra1 Kg7 47.Ra4 Rf8 48.Rxh5 gxh5 49.a6 Rc3 50.Bf1 Kg6
51.a7 Rcc8 52.Bg2  1-0

[Event "2nd Metropolitan International"]
[Site "Los Angeles USA"]
[Date "2012.08.17"]
[Round "6"]
[White "Akobian,V"]
[Black "Bojkov,D"]
[Result "1-0"]
[WhiteElo "2617"]
[BlackElo "2556"]

1.d4 Nf6 2.c4 g6 3.f3 Bg7 4.e4 d6 5.Ne2 O-O 6.Be3 e5 7.d5 Nh5 8.Qd2 f5 9.Nbc3 a6
10.O-O-O Nd7 11.exf5 gxf5 12.Ng3 Ndf6 13.Bg5 Qe8 14.Bd3 Qg6 15.Nge2 e4 16.Bc2 b5
17.Nd4 Bd7 18.Rhe1 b4 19.Nce2 Rfe8 20.h3 Re5 21.f4 Ree8 22.Qe3 a5 23.Rf1 a4
24.g4 fxg4 25.f5 Qf7 26.hxg4 Nxg4 27.Qh3 Nhf6 28.Ne6 b3 29.axb3 axb3 30.Bxb3 h5
31.N2d4 Ba4 32.Kb1 Bxb3 33.Qxb3 Reb8 34.Nb5 Bh8 35.Bd2 Ne5 36.Bc3 Nfg4 37.Bd4 Ra5
38.f6 e3 39.Rf5 Bxf6 40.Bxe5 Qg6 41.Qc2 Nxe5 42.Nf4 Rba8 43.Na3 Qg4 44.Rxf6  1-0

[Event "2nd Metropolitan International"]
[Site "Los Angeles USA"]
[Date "2012.08.17"]
[Round "7"]
[White "Akobian,V"]
[Black "Gareev,T"]
[Result "1/2-1/2"]
[WhiteElo "2617"]
[BlackElo "2658"]

1.d4 d5 2.c4 e6 3.Nc3 Be7 4.Nf3 Nf6 5.Bg5 h6 6.Bh4 O-O 7.e3 b6 8.Rc1 Bb7
9.cxd5 Nxd5 10.Bxe7 Qxe7 11.Be2 Rc8 12.O-O c5 13.Nxd5 Bxd5 14.dxc5 Rxc5 15.Rxc5  1/2-1/2

[Event "40th Olympiad Open"]
[Site "Istanbul TUR"]
[Date "2012.08.28"]
[Round "1.5"]
[White "Samhouri,B"]
[Black "Akobian,V"]
[Result "0-1"]
[WhiteElo "2244"]
[BlackElo "2617"]

1.d4 Nf6 2.Nf3 c5 3.g3 g6 4.Bg2 Bg7 5.O-O O-O 6.c4 d6 7.Nc3 cxd4 8.Nxd4 Qb6
9.Nb3 Nc6 10.Be3 Qb4 11.c5 Be6 12.cxd6 exd6 13.Nd4 Ng4 14.Nxc6 bxc6 15.a3 Qxb2
16.Bd4 Bxd4 17.Qxd4 c5 18.Qd3 Ne5 19.Qxd6 Qxc3 20.Bxa8 Rxa8 21.Rfc1 Qb2 22.f4 Ng4
23.h3 Nf6 24.Qxc5 Rc8 25.Qe3 Rxc1+ 26.Rxc1 Nd5 27.Qc5 Qxe2 28.Qxa7 Ne3 29.Qa8+ Kg7
30.Qe4 h5 31.Rb1 Bd5 32.Qd4+ Kh7  0-1

[Event "40th Olympiad Open"]
[Site "Istanbul TUR"]
[Date "2012.08.29"]
[Round "2.2"]
[White "Akobian,V"]
[Black "Pileckis,E"]
[Result "1/2-1/2"]
[WhiteElo "2617"]
[BlackElo "2443"]

1.d4 Nf6 2.c4 e6 3.Nf3 b6 4.g3 Ba6 5.Qa4 c5 6.Bg2 Bb7 7.dxc5 bxc5 8.O-O Be7
9.Nc3 O-O 10.Rd1 Qb6 11.Bf4 Ne4 12.Rab1 d6 13.Qc2 f5 14.Ne1 Nc6 15.Nxe4 Nb4
16.Qb3 Bxe4 17.Bxe4 fxe4 18.a3 g5 19.Bc1 Nc6 20.Qe3 Ne5 21.Qxe4 Qb3 22.Bxg5 Bxg5
23.Rxd6 Bf6 24.Rxe6 Rae8 25.Rxe8 Rxe8 26.f4 Qxc4 27.Qe3 Nf3+ 28.Qxf3 Rxe2
29.Qg4+ Kf8 30.Nf3 Qd5 31.Rf1 Bxb2 32.Rf2 Bd4 33.Nxd4 Re1+ 34.Rf1 Qxd4+ 35.Kg2 Rxf1
36.Kxf1 Qa1+ 37.Kg2 Qxa3 38.Qf5+ Kg8 39.Qd5+ Kf8 40.Qd6+ Kf7 41.Qd7+ Kg8
42.Qe8+ Kg7 43.Qe5+ Kf7 44.f5 Qb4 45.Qe6+ Kf8 46.Qf6+ Kg8 47.Qd8+ Kf7 48.Qd7+ Kf6
49.Qe6+ Kg7 50.Qe7+ Kg8 51.Qe8+ Kg7 52.Qe7+ Kg8 53.h4 Qc4 54.Qe8+ Kg7 55.Qe7+ Kg8
56.Qe8+ Kg7 57.Qe5+ Kf7 58.h5 h6 59.Kh2 a5 60.f6 Qa2+ 61.Kg1 Qb1+ 62.Kh2 Qa2+
63.Kg1 Qe6 64.Qxc5 Qe1+ 65.Kh2 Qe2+ 66.Kh3 Qf1+ 67.Kh2 Qe2+ 68.Kh3 Qf1+ 69.Kh2 Qe2+  1/2-1/2

[Event "40th Olympiad Open"]
[Site "Istanbul TUR"]
[Date "2012.08.31"]
[Round "4.1"]
[White "Gupta,Ab"]
[Black "Akobian,V"]
[Result "1/2-1/2"]
[WhiteElo "2637"]
[BlackElo "2617"]

1.d4 d5 2.c4 e6 3.Nf3 Nf6 4.g3 dxc4 5.Bg2 Bb4+ 6.Bd2 c5 7.Qc1 O-O 8.O-O b5
9.a4 Bb7 10.axb5 a6 11.dxc5 Bxd2 12.Qxd2 axb5 13.Na3 Na6 14.Nxb5 Nxc5 15.Rxa8 Bxa8
16.Qxd8 Rxd8 17.Na3 c3 18.bxc3 Nfe4 19.Nb5 Bd5 20.Ra1 g6 21.Ne5 Rb8 22.Bxe4 Nxe4
23.Ra5 Nd6 24.Na3 Rc8 25.Nb1 Rb8 26.Na3 Rc8 27.Nb1 Rb8 28.Na3  1/2-1/2

[Event "40th Olympiad Open"]
[Site "Istanbul TUR"]
[Date "2012.09.03"]
[Round "6.3"]
[White "Akobian,V"]
[Black "Fridman,D"]
[Result "1/2-1/2"]
[WhiteElo "2617"]
[BlackElo "2653"]

1.d4 Nf6 2.c4 e6 3.Nf3 d5 4.Nc3 c5 5.e3 Nc6 6.a3 cxd4 7.exd4 Be7 8.c5 Ne4
9.Qc2 f5 10.Bb5 O-O 11.O-O Bf6 12.Ne2 g5 13.Bxc6 bxc6 14.Ne5 Ba6 15.Nd3 e5
16.dxe5 Bxd3 17.Qxd3 Bxe5 18.Be3 Bxb2 19.Rab1 Rb8 20.f3 f4 21.Bd4 Bxd4+ 22.Qxd4 Nf6
23.Qe5 Nd7 24.Qe6+ Kh8 25.Qxc6 Qe7 26.Qxd5 Qxc5+ 27.Qxc5 Nxc5 28.Nd4 Rb6
29.Rbc1 Nb3 30.Nxb3 Rxb3 31.Rc7 Rxa3 32.Rd1 Kg8 33.Rdd7 Ra1+ 34.Kf2 Ra2+
35.Kg1 Ra1+ 36.Kf2 Ra2+  1/2-1/2

[Event "40th Olympiad Open"]
[Site "Istanbul TUR"]
[Date "2012.09.05"]
[Round "8.4"]
[White "Bogdanovski,V"]
[Black "Akobian,V"]
[Result "1/2-1/2"]
[WhiteElo "2448"]
[BlackElo "2617"]

1.d4 Nf6 2.Nf3 e6 3.c4 d5 4.g3 dxc4 5.Bg2 a6 6.O-O Nc6 7.e3 Rb8 8.Nfd2 e5
9.Nxc4 exd4 10.Bxc6+ bxc6 11.exd4 Be7 12.Nc3 O-O 13.Re1 Nd5 14.Ne5 Nxc3 15.bxc3 Rb6
16.Qa4 Bb7 17.Ba3 c5 18.dxc5 Bxc5 19.Rad1 Bd6 20.Nc4 Qf6 21.Nxb6 Qf3 22.Nd5 Bxd5
23.Rxd5 Qxd5 24.Bxd6 Qxd6 25.Rd1 Qe6 26.Rd3 g6 27.Re3 Qd6 28.h4 h5 29.Qc4 Rd8
30.Re4 Qd1+ 31.Kg2 Qd5 32.Qxd5 Rxd5 33.Ra4 Rc5 34.c4  1/2-1/2

[Event "40th Olympiad Open"]
[Site "Istanbul TUR"]
[Date "2012.09.07"]
[Round "10.1"]
[White "Akobian,V"]
[Black "Bu Xiangzhi"]
[Result "1/2-1/2"]
[WhiteElo "2617"]
[BlackElo "2670"]

1.d4 d5 2.c4 c6 3.cxd5 cxd5 4.Nf3 Nf6 5.Nc3 Nc6 6.Bf4 Bf5 7.e3 e6 8.Qb3 Bb4
9.Ne5 Bxc3+ 10.bxc3 Nxe5 11.Bxe5 O-O 12.Be2 Rc8 13.O-O Ne4 14.Qxb7 f6 15.Bg3 Rf7
16.Qa6 Nxc3 17.Rfc1 Nxe2+ 18.Qxe2 Rb7 19.Qa6 Rxc1+ 20.Rxc1 Qb6 21.Rc8+ Kf7
22.Qxb7+ Qxb7 23.Rc7+ Qxc7 24.Bxc7 Bd3 25.Bd6 h5 26.h4 g5 27.hxg5 fxg5 28.f3 Kg6
29.Kf2 g4 30.fxg4 hxg4 31.a3 a6  1/2-1/2

[Event "US Chess League 2012"]
[Site "ICC INT"]
[Date "2012.09.17"]
[Round "3"]
[White "Akobian,V"]
[Black "Molner,M"]
[Result "1-0"]
[WhiteElo "2624"]
[BlackElo "2489"]

1.d4 Nf6 2.c4 e6 3.Nf3 c5 4.d5 b5 5.Bg5 exd5 6.cxd5 h6 7.Bxf6 Qxf6 8.Qc2 Be7
9.e4 Qg6 10.Nbd2 Na6 11.Bxb5 Rb8 12.Qa4 Qb6 13.Be2 Qxb2 14.O-O Qb4 15.Qc2 Qb2
16.Qd1 O-O 17.Nc4 Qb7 18.d6 Bd8 19.e5 Nb4 20.Rb1 Qa8 21.a3 Nc6 22.Qd3 Ba6
23.Qf5 Rxb1 24.Rxb1 Na5 25.Nfd2 Qd5 26.Ne3 Qxd2 27.Bxa6 c4 28.Nxc4 Nxc4 29.Bxc4 Bb6
30.g3 Qd4 31.Bb3 Qc3 32.Kg2 Qc6+ 33.Kh3 Qc3 34.a4 Qd2 35.Kg2 Qe2 36.Bd5 Qd2
37.Bc4 Qc3 38.Qf4 Qc2 39.Rc1 Qg6 40.Rc3 Kh8 41.Rf3 f6 42.Bd3 Qf7 43.Qf5 g6
44.Qe4 f5 45.Qh4 Kg7 46.Bc4 Qe8 47.Qe7+ Qxe7 48.dxe7 Re8 49.Rd3 Rxe7 50.f4 Bc7
51.Bb5 Bb6 52.Bxd7 h5 53.Kf3 Kf8 54.Rd5 Kg7 55.h3 Rf7 56.a5 Bc7 57.e6 Re7
58.Ke3 Kf6 59.h4 Rh7 60.Rc5 Bd8 61.Kd3 Rh8 62.Rc8 Kg7 63.Ra8 Be7 64.Rxa7 Rb8
65.Rc7 Rb3+ 66.Rc3 Rb1 67.Rc4 Rd1+ 68.Kc2 Rd6 69.Ra4 Ra6 70.Kb3 Kf6 71.Kc4 Bd8
72.Kb5 Ra7 73.a6 Ke7 74.Rc4 Kd6 75.Rc6+ Ke7 76.Rc8 Bc7 77.Re8+ Kf6 78.Bc6  1-0

[Event "US Chess League 2012"]
[Site "ICC INT"]
[Date "2012.10.29"]
[Round "9"]
[White "Akobian,V"]
[Black "Bhat,V"]
[Result "1-0"]
[WhiteElo "2624"]
[BlackElo "2511"]

1.d4 d5 2.c4 c6 3.Nc3 Nf6 4.cxd5 cxd5 5.Nf3 Nc6 6.Bf4 Nh5 7.Bd2 Nf6 8.e3 e6
9.Ne5 Nxe5 10.dxe5 Nd7 11.f4 Nc5 12.b4 Ne4 13.Nxe4 dxe4 14.Qc2 Bd7 15.b5 f5
16.exf6 Qxf6 17.Rd1 Qf5 18.Qc7 b6 19.Be2 Qc5 20.Qb7 Qd5 21.Qa6 Rc8 22.Bc3 Qc5
23.Bd4 Qb4+ 24.Kf2 Rc7 25.Rc1 Bc8 26.Rxc7 Bxa6 27.bxa6 Bd6 28.Rc8+ Kf7 29.Rxh8 Bxf4
30.Rc1 e5 31.Rc7+ Kg6 32.Bc3 Qb1 33.Rg8 Bxe3+ 34.Kxe3 Qc1+ 35.Kxe4 Qc2+ 36.Bd3 Qxg2+
37.Kxe5+ Kh6 38.Rgxg7 Qxh2+ 39.Kd5 Qh5+ 40.Be5 Qh1+ 41.Kd6  1-0

[Event "US Chess League KO Final 2012"]
[Site "ICC INT"]
[Date "2012.11.15"]
[Round "1"]
[White "Sadorra,J"]
[Black "Akobian,V"]
[Result "1-0"]
[WhiteElo "2546"]
[BlackElo "2622"]

1.Nf3 Nf6 2.c4 e6 3.Nc3 Bb4 4.g3 b6 5.Bg2 Bb7 6.O-O O-O 7.d3 d5 8.cxd5 exd5
9.Bf4 Re8 10.Nb5 Na6 11.Rc1 c6 12.Nbd4 Nh5 13.Nxc6 Bxc6 14.Rxc6 Nxf4 15.gxf4 Bc5
16.Qa4 Qd7 17.Ne5 Rxe5 18.fxe5 Nb4 19.d4 Bf8 20.Rfc1 Rc8 21.Bh3 Rxc6 22.Bxd7 Rxc1+
23.Kg2 Rc7 24.e6 g6 25.Qb3 fxe6 26.Bxe6+ Kg7 27.Qg3 Re7 28.Qe5+ Kh6 29.Qf6 Re8
30.Qf4+ g5 31.Qf6+  1-0

[Event "US Chess League KO Final 2012"]
[Site "ICC INT"]
[Date "2012.11.20"]
[Round "2"]
[White "Akobian,V"]
[Black "Molner,M"]
[Result "1-0"]
[WhiteElo "2622"]
[BlackElo "2489"]

1.d4 Nf6 2.c4 g6 3.Nc3 d5 4.Bg5 Bg7 5.Nf3 dxc4 6.e4 c5 7.d5 b5 8.e5 b4 9.exf6 exf6
10.Qe2+ Kf8 11.Be3 bxc3 12.bxc3 Nd7 13.Qxc4 f5 14.Rd1 Qa5 15.Rc1 Bf6 16.Bd3 Kg7
17.O-O Nb6 18.Qb3 c4 19.Bxb6 axb6 20.Bxc4 Bd7 21.Nd4 Bxd4 22.cxd4 b5 23.Bd3 Qxa2
24.Qb4 Qa3 25.Qd2 Qd6 26.Rc5 Rhb8 27.Rb1 b4 28.Bc4 b3 29.g3 Ra2 30.Qd3 f4
31.Qf3 Bf5 32.Rf1 Rd2 33.Rc6 Qe7 34.Qxf4 b2 35.Qxb8 Qe4 36.Qe5+ Qxe5 37.dxe5 b1=Q
38.Rxb1 Bxb1 39.f4 Be4 40.e6 fxe6 41.Rc7+ Kf6 42.dxe6 Bd5 43.e7 Rd1+ 44.Kf2 Bf7
45.Rc6+ Kg7 46.Rc8 Rc1 47.Bxf7  1-0

[Event "US Chess League KO Final 2012"]
[Site "ICC INT"]
[Date "2012.12.01"]
[Round "3"]
[White "Erenburg,S"]
[Black "Akobian,V"]
[Result "1/2-1/2"]
[WhiteElo "2629"]
[BlackElo "2622"]

1.e4 c6 2.d4 d5 3.e5 Bf5 4.Nf3 e6 5.Be2 Nd7 6.O-O a6 7.Nbd2 c5 8.c3 h6 9.Ne1 Ne7
10.Ndf3 Rc8 11.Bd3 Qb6 12.h3 cxd4 13.cxd4 Bxd3 14.Nxd3 Nc6 15.Nf4 Be7 16.Rb1 O-O
17.Be3 Rc7 18.Nh2 Rfc8 19.Nh5 Bf8 20.Qg4 Kh8 21.Qf4 Kg8 22.Qg4 Kh8 23.Qf4 Kg8
24.Qg4  1/2-1/2

[Event "World Cities Team GpE"]
[Site "Al-Ain UAE"]
[Date "2012.12.22"]
[Round "1.1"]
[White "Akobian,V"]
[Black "Kawuma,Patrick"]
[Result "1-0"]
[WhiteElo "2622"]
[BlackElo "2245"]

1.d4 Nf6 2.c4 g6 3.Nc3 d5 4.Bg5 Ne4 5.Bh4 Nxc3 6.bxc3 Bg7 7.e3 c5 8.Nf3 Nc6
9.cxd5 Qxd5 10.Be2 O-O 11.O-O cxd4 12.cxd4 e5 13.dxe5 Qe6 14.Qc2 Nxe5 15.Rab1 Bd7
16.Rxb7 Rfc8 17.Qb1 Ng4 18.Ng5 Qe5 19.Bxg4 Bxg4 20.Nxf7 Qd5 21.e4 Qc6 22.Ng5 h6
23.Nf3 Rf8 24.Rc1 Qe6 25.Rcc7 Bh8  1-0

[Event "World Cities Team GpE"]
[Site "Al-Ain UAE"]
[Date "2012.12.23"]
[Round "2.5"]
[White "Akobian,V"]
[Black "Ghaem Maghami,E"]
[Result "1/2-1/2"]
[WhiteElo "2622"]
[BlackElo "2572"]

1.d4 Nf6 2.c4 e6 3.Nf3 Bb4+ 4.Bd2 Bxd2+ 5.Qxd2 d5 6.e3 O-O 7.Nc3 Qe7 8.Rc1 Rd8
9.Qc2 dxc4 10.Bxc4 c5 11.O-O Nbd7 12.Rfd1 cxd4 13.Rxd4 Nb6 14.Rxd8+ Qxd8
15.Bb5 Bd7 16.Qb3 Rc8 17.Rd1 Qc7 18.h3 a6 19.Bxd7 Nbxd7 20.Qb4 h6 21.Qe7 Nb6
22.Qxc7 Rxc7 23.Rd8+ Kh7 24.Ne5 Nc4 25.Nxc4 Rxc4 26.Rd6 Kg8 27.Rd8+ Kh7 28.Rd6 Kg8
29.Rd8+ Kh7 30.Rd6  1/2-1/2

[Event "ch-USA 2013"]
[Site "Saint Louis USA"]
[Date "2013.05.03"]
[Round "1"]
[White "Akobian,V"]
[Black "Khachiyan,M"]
[Result "1/2-1/2"]
[WhiteElo "2616"]
[BlackElo "2518"]

1.d4 d5 2.c4 c6 3.Nc3 Nf6 4.cxd5 cxd5 5.Nf3 Nc6 6.Bf4 Bf5 7.Qb3 Na5 8.Qa4+ Bd7
9.Qc2 e6 10.e3 Rc8 11.Bd3 Bb4 12.O-O O-O 13.Rac1 h6 14.Qe2 a6 15.Ne5 Qe7
16.h3 Bxc3 17.bxc3 b5 18.f3 Nc4 19.e4 Nxe5 20.dxe5 dxe4 21.Bb1 Nd5 22.Qxe4 f5
23.exf6 Nxf6 24.Qe2 Bc6 25.Rfe1 Bd5 26.Be5 Nd7 27.Bd4 Qg5 28.Be4 Bxe4 29.Qxe4 e5
30.Bf2 Qf5 31.Qb7 Qe6 32.Rcd1 Nf6 33.Bd4 Nd7 34.Bf2 Nf6 35.Bd4 Nd7 36.Bf2 Nf6  1/2-1/2

[Event "ch-USA 2013"]
[Site "Saint Louis USA"]
[Date "2013.05.04"]
[Round "2"]
[White "Finegold,B"]
[Black "Akobian,V"]
[Result "1/2-1/2"]
[WhiteElo "2505"]
[BlackElo "2616"]

1.d4 Nf6 2.c4 e6 3.Nc3 Bb4 4.Qc2 O-O 5.Nf3 c5 6.dxc5 Na6 7.Bd2 Nxc5 8.a3 Bxc3
9.Bxc3 Nce4 10.Bxf6 Nxf6 11.e3 b6 12.Be2 Bb7 13.O-O Rc8 14.Qa4 Qc7 15.Rfd1 Rfd8
16.Rd4 h6 17.Qb4 d6 18.b3 Ne4 19.Rdd1 d5 20.Qe1 dxc4 21.Bxc4 Rxd1 22.Rxd1 Rd8
23.h3 Rxd1 24.Qxd1 Nd6 25.Be2 Bd5 26.Nd4 Qc3 27.Bf3 Bxf3 28.Nxf3 Ne4 29.Nd4 Qb2
30.Qc2 Qxc2 31.Nxc2 Kf8 32.f3 Nd2 33.b4 Nc4 34.Kf2 Ke7 35.Ke2 Kd6 36.Kd3 b5
37.Kc3 e5 38.a4 Kc6 39.f4 f6 40.fxe5 fxe5 41.axb5+ Kxb5 42.Kb3 g5 43.Kc3 h5
44.Kb3 g4 45.hxg4 hxg4 46.Kc3 g3 47.Kb3 Nd2+ 48.Kc3 Nc4 49.Kb3 Nd2+ 50.Kc3 Nf3
51.Kb3 Nh4 52.Ne1 Nf5 53.Nc2 Nh4 54.Ne1 Nf5 55.Nc2 Kc6 56.Kc4 Nd6+ 57.Kc3 Kd5
58.Kd3 Kc6 59.Na3 Kd5 60.e4+ Nxe4 61.Nb5 Nf2+ 62.Ke3 Kc4 63.Nxa7 Kxb4 64.Nc6+ Kc5
65.Nxe5 Kd5 66.Nf3 Ke6 67.Kf4 Kf6 68.Kxg3 Ne4+ 69.Kf4 Nc5 70.Nd2 Ne6+ 71.Kg4 Kg6
72.Nf3 Kf6 73.Nh4 Nd4 74.Kh5 Ne6 75.g3 Ng5 76.Ng6 Ne4 77.g4 Kg7 78.Ne7 Nf6+
79.Kh4 Nxg4  1/2-1/2

[Event "ch-USA 2013"]
[Site "Saint Louis USA"]
[Date "2013.05.05"]
[Round "3"]
[White "Akobian,V"]
[Black "Troff,Kayden W"]
[Result "1-0"]
[WhiteElo "2616"]
[BlackElo "2421"]

1.d4 Nf6 2.c4 g6 3.Nc3 d5 4.Nf3 Bg7 5.h4 c6 6.Bg5 Qb6 7.Bxf6 Bxf6 8.Qd2 dxc4
9.e4 Be6 10.h5 gxh5 11.O-O-O h6 12.Rxh5 Na6 13.Rxh6 Rxh6 14.Qxh6 O-O-O 15.Qe3 Qa5
16.a3 Qb6 17.Be2 Bg7 18.Kb1 Qb3 19.Ng5 Nc7 20.Nxe6 Nxe6 21.Bg4 Rd6 22.e5 Rd8
23.Qf3 Kb8 24.Bxe6 fxe6 25.Qg4 Bf8 26.Qxe6 Qb6 27.Qxc4 Bh6 28.g3 a6 29.f4 c5
30.d5 Qg6+ 31.Qd3 Qg4 32.Rh1 Bf8 33.Rh4 Qg8 34.g4 e6 35.d6 Be7 36.Rh7 Qxg4
37.Rxe7 Qxf4 38.Qe4  1-0

[Event "ch-USA 2013"]
[Site "Saint Louis USA"]
[Date "2013.05.06"]
[Round "4"]
[White "Benjamin,Joe"]
[Black "Akobian,V"]
[Result "1-0"]
[WhiteElo "2534"]
[BlackElo "2616"]

1.d4 d5 2.c4 e6 3.Nc3 Be7 4.Nf3 Nf6 5.Bg5 O-O 6.e3 h6 7.Bh4 Ne4 8.Bxe7 Qxe7
9.Rc1 c6 10.h4 Nxc3 11.Rxc3 Nd7 12.g4 e5 13.cxd5 cxd5 14.g5 e4 15.Nd2 g6
16.Rg1 h5 17.Be2 Nb6 18.Nf1 Be6 19.Bxh5 Qb4 20.Bg4 Qxb2 21.Rc2 Qb4+ 22.Qd2 Qxd2+
23.Nxd2 Rac8 24.Bd1 Rxc2 25.Bxc2 Kg7 26.Nb3 Nd7 27.Bd1 Rh8 28.Rh1 f6 29.f4 b6
30.Be2 fxg5 31.fxg5 Nb8 32.Kd2 Rc8 33.Rf1 Rf8 34.Rc1 Rc8 35.Bb5 a6 36.Bf1 Kf7
37.a3 Ke7 38.Rxc8 Bxc8 39.Nc1 Nc6 40.Ne2 Kd6 41.Nf4 Ne7 42.Be2 a5 43.h5 gxh5
44.Bxh5 Be6 45.Be8 Bg8 46.g6 Nc8 47.Kc3 Ke7 48.Bc6 Kd6 49.Bb5 Ke7 50.Bc6 Kd6
51.Bb5 Ke7 52.Kb3 Kf6 53.Bd7 Na7 54.Ka4 Ke7 55.Bb5 Kf6 56.Be8 Nc8 57.Bc6 Nd6
58.Bxd5 Bxd5 59.Nxd5+ Kxg6 60.Nxb6 Kf5 61.Kxa5 Kg4 62.Kb4 Kf3 63.Nd5 Nf5
64.Kc5 Nxe3 65.Nc3 Ng4 66.d5 e3 67.d6 Nf6 68.Kc6 Ne4 69.d7 Nxc3 70.d8=Q Ne2
71.Qd5+ Kf2 72.Qf5+ Ke1 73.Kc5 Kd2 74.Kc4 Nc1 75.Qg5  1-0

[Event "ch-USA 2013"]
[Site "Saint Louis USA"]
[Date "2013.05.09"]
[Round "6"]
[White "Norowitz,Yaacov"]
[Black "Akobian,V"]
[Result "1/2-1/2"]
[WhiteElo "2451"]
[BlackElo "2616"]

1.d4 Nf6 2.Nf3 e6 3.c4 b6 4.a3 Ba6 5.Qc2 c5 6.d5 exd5 7.cxd5 g6 8.Bf4 d6
9.e4 Bxf1 10.Kxf1 Bg7 11.Nc3 O-O 12.Re1 a6 13.a4 Ra7 14.h4 Re8 15.Nd2 Rb7
16.Qd3 Nh5 17.Bg5 f6 18.Be3 Qd7 19.Nc4 b5 20.Na5 c4 21.Qd1 b4 22.Nxb7 bxc3
23.bxc3 Rxe4 24.Ba7 f5 25.Rxe4 fxe4 26.Bxb8 Qxb7 27.Bxd6 Bxc3 28.Qc2 Qxd5
29.Qxc3 Qd1+ 30.Qe1 Qxd6 31.Qxe4 Qd1+ 32.Qe1 Qxa4 33.Rh3 Qc6 34.Rf3 Ng7 35.Qe5 Nf5
36.h5 Qb5 37.Qe6+ Kg7 38.g4 c3+ 39.Kg1 c2 40.Rc3 Qb1+ 41.Kh2 c1=Q 42.Qe5+ Kh6
43.Rxc1 Qxc1 44.gxf5 Qd2 45.hxg6 hxg6 46.fxg6 Qxf2+ 47.Kh1 Qf1+ 48.Kh2 Qf2+
49.Kh1 Qf1+ 50.Kh2 Kxg6 51.Kg3 Qd3+ 52.Kf2 Qd2+ 53.Kf3 Qd3+ 54.Kf2 Kf7 55.Qf4+ Ke6
56.Qe3+ Qxe3+ 57.Kxe3 Kd5 58.Kd3 a5  1/2-1/2

[Event "ch-USA 2013"]
[Site "Saint Louis USA"]
[Date "2013.05.11"]
[Round "8"]
[White "Sammour Hasbun,J"]
[Black "Akobian,V"]
[Result "0-1"]
[WhiteElo "2463"]
[BlackElo "2616"]

1.d4 Nf6 2.Nf3 e6 3.Bf4 c5 4.e3 b6 5.Nc3 cxd4 6.Nxd4 Bb4 7.Qf3 d5 8.Nb5 Na6
9.a3 Bxc3+ 10.Nxc3 O-O 11.Bg5 Nc5 12.O-O-O Bb7 13.Bxf6 Qxf6 14.Qxf6 gxf6
15.b4 Na6 16.Bxa6 Bxa6 17.e4 Rac8 18.Kb2 dxe4 19.Nxe4 f5 20.Nd6 Rc7 21.Rd4 Kg7
22.Rhd1 Kf6 23.c4 h5 24.Kb3 Rg8 25.g3 Ke7 26.h3 Rh8 27.h4 Rg8 28.Re1 Kf6
29.a4 Bc8 30.Red1 e5 31.R4d2 Be6 32.b5 Ke7 33.Kb4 Rg4 34.a5 f4 35.axb6 axb6
36.Ra1 fxg3 37.fxg3 Bxc4 38.Ra6 Bd5+  0-1

[Event "ch-USA 2013"]
[Site "Saint Louis USA"]
[Date "2013.05.12"]
[Round "9"]
[White "Akobian,V"]
[Black "Kaidanov,G"]
[Result "1-0"]
[WhiteElo "2616"]
[BlackElo "2593"]

1.d4 d5 2.c4 dxc4 3.Nf3 a6 4.e3 Nf6 5.Bxc4 e6 6.O-O Nbd7 7.Qe2 b5 8.Bd3 c5
9.a4 b4 10.Nbd2 Bb7 11.a5 Be7 12.Nb3 cxd4 13.exd4 O-O 14.Bf4 Nh5 15.Bd2 Ndf6
16.Rfc1 Nd5 17.Qe5 Ndf6 18.Qc7 Bd5 19.Qxd8 Rfxd8 20.Bc4 Bb7 21.Ne5 g6 22.Bg5 Rdc8
23.Be2 Nd5 24.Bxe7 Nxe7 25.Rxc8+ Bxc8 26.Nc5 Nf4 27.Bf1 f6 28.Nc4 Nc6 29.Nb6 Rb8
30.Nxc8 Rxc8 31.Bxa6 Ra8 32.Ra4 Ra7 33.g3 Nd5 34.Bb7 Nxa5 35.Bc8 Nc7 36.Nxe6 Kf7
37.Nxc7 Rxc7 38.Ba6 Rc1+ 39.Kg2 Nc6 40.d5 Ne7 41.Rxb4 Nf5 42.Rb7+ Kg8 43.Bd3 Nd6
44.Rb6  1-0

[Event "Chicago Open 2013"]
[Site "Wheeling USA"]
[Date "2013.05.24"]
[Round "3.2"]
[White "Akobian,V"]
[Black "Yermolinsky,A"]
[Result "1/2-1/2"]
[WhiteElo "2616"]
[BlackElo "2498"]

1.d4 Nf6 2.c4 e6 3.Nc3 Bb4 4.Qc2 O-O 5.Nf3 c5 6.dxc5 Na6 7.g3 Nxc5 8.Bg2 b6
9.O-O Bb7 10.Bf4 Nce4 11.Nxe4 Bxe4 12.Qa4 Be7 13.Rfd1 Qc8 14.Ne5 Bxg2 15.Kxg2 Rd8
16.Kg1 Qb7 17.Bg5 Rac8 18.Bxf6 gxf6 19.Nf3 Qc6 20.Qxc6 Rxc6 21.b3 a6 22.a4 Bc5
23.Rd3 Kf8 24.Rb1 Ke8 25.e3 Rb8  1/2-1/2

[Event "Chicago Open 2013"]
[Site "Wheeling USA"]
[Date "2013.05.25"]
[Round "4.4"]
[White "Friedel,J"]
[Black "Akobian,V"]
[Result "1/2-1/2"]
[WhiteElo "2485"]
[BlackElo "2616"]

1.d4 Nf6 2.c4 e6 3.Nc3 d5 4.cxd5 Nxd5 5.e4 Nxc3 6.bxc3 c5 7.Nf3 cxd4 8.cxd4 Bb4+
9.Bd2 Bxd2+ 10.Qxd2 O-O 11.Bc4 Nd7 12.O-O b6 13.Rad1 Bb7 14.Rfe1 Rc8 15.Bb3 Re8
16.d5 exd5 17.exd5 Rxe1+ 18.Rxe1 Nc5 19.d6 h6 20.Qf4 Qf6 21.Qxf6 gxf6 22.Re7 Ne4
23.h3 Nxd6 24.Rd7 Bxf3 25.Rxd6 Be2 26.Rd7 Bc4 27.Bxc4  1/2-1/2

[Event "Chicago Open 2013"]
[Site "Wheeling USA"]
[Date "2013.05.25"]
[Round "5.5"]
[White "Akobian,V"]
[Black "Gerzhoy,L"]
[Result "1-0"]
[WhiteElo "2616"]
[BlackElo "2469"]

1.d4 d5 2.c4 e6 3.Nf3 c6 4.Qc2 dxc4 5.Qxc4 Nf6 6.Nc3 b5 7.Qd3 Bb7 8.e4 b4
9.Na4 Nbd7 10.Bg5 Qa5 11.b3 c5 12.Bxf6 gxf6 13.d5 O-O-O 14.Be2 f5 15.Ng5 fxe4
16.Qh3 exd5 17.Nxf7 Rg8 18.Nxd8 Qxd8 19.Bb5 Rg7 20.Rc1 Kb8 21.O-O Bc8 22.Qe3 Ne5
23.Be2 Ng4 24.Bxg4 Bxg4 25.Nxc5 Bf3 26.g3 Qf6 27.Qd2 Qf5 28.Qxb4+ Ka8 29.Qb5 Bxc5
30.Rxc5 Qd7 31.Rxd5 Qxb5 32.Rxb5 Rc7 33.Re1 Rc2 34.Re5 Rxa2 35.R5xe4 Bxe4
36.Rxe4 Ra3 37.Rb4 a6 38.Ra4 Rxb3 39.Rxa6+ Kb8 40.Rc6  1-0

[Event "Chicago Open 2013"]
[Site "Wheeling USA"]
[Date "2013.05.26"]
[Round "6.2"]
[White "Robson,R"]
[Black "Akobian,V"]
[Result "1-0"]
[WhiteElo "2620"]
[BlackElo "2616"]

1.e4 e6 2.d4 d5 3.Nc3 Nf6 4.Bg5 Be7 5.e5 Nfd7 6.Bxe7 Qxe7 7.f4 a6 8.Nf3 c5
9.dxc5 Qxc5 10.Qd2 Nc6 11.Bd3 b5 12.a3 O-O 13.Qf2 Ra7 14.Qxc5 Nxc5 15.Kd2 f5
16.Ne2 h6 17.Rhg1 g5 18.g4 Ne4+ 19.Ke3 Rg7 20.gxf5 Ne7 21.Bxe4 dxe4 22.f6 Nf5+
23.Kf2 Rd7 24.Ne1 Kf7 25.Ng2 Rd2 26.Rad1 Rfd8 27.Ne3 gxf4 28.Nxf5 exf5 29.Rxd2 e3+
30.Kf3 exd2 31.Rd1 Ke6 32.Nxf4+ Kxe5 33.f7 Kf6 34.Rxd2 Rf8 35.Rd6+ Kxf7 36.Rxh6 Bb7+
37.Kf2 Be4 38.c3 Rd8 39.Ke3 Rd1 40.Rxa6 Re1+ 41.Kd4 Bb1 42.Ra7+ Kf6 43.Nd5+ Kg6
44.Kc5 Be4 45.Nf4+ Kg5 46.Ne6+ Kf6 47.Nd4 Bd3 48.Ra6+ Kf7 49.Ra7+ Kf6 50.Ra6+ Kf7
51.Nf3 Re2 52.Rd6 Bb1 53.Rd2 Re3 54.Rf2 Kf6 55.Kxb5 f4 56.a4 Bd3+ 57.Kc5 Re4
58.Nd2 Rxa4 59.b3 Ra5+ 60.Kd4 Bf5 61.Rxf4 Ke6 62.c4 Ra8 63.Nf3 Rd8+ 64.Kc5 Rc8+
65.Kb4 Bc2 66.Kc3  1-0

[Event "Chicago Open 2013"]
[Site "Wheeling USA"]
[Date "2013.05.26"]
[Round "7.5"]
[White "Akobian,V"]
[Black "Yang,Dar"]
[Result "1-0"]
[WhiteElo "2616"]
[BlackElo "2485"]

1.d4 Nf6 2.c4 e6 3.Nf3 b6 4.g3 Ba6 5.Qa4 Bb7 6.Bg2 c5 7.dxc5 bxc5 8.O-O Be7
9.Nc3 O-O 10.Rd1 d6 11.Bf4 Qb6 12.Rab1 Na6 13.a3 Bc6 14.Qc2 Rfd8 15.e4 Qb7
16.Ne1 Rab8 17.b3 h6 18.Qe2 Ne8 19.Nd3 Bf6 20.Bd2 Qc8 21.Rdc1 Bd4 22.b4 Bd7
23.b5 Nac7 24.a4 e5 25.a5 Nf6 26.Kh1 Re8 27.Nd1 Ne6 28.Ne3 Bxe3 29.Bxe3 Nd4
30.Qd2 a6 31.b6 Bc6 32.f3 Nh7 33.Re1 f5 34.Bxd4 fxe4 35.fxe4 exd4 36.e5 Ng5
37.Bxc6 Qxc6+ 38.Qg2 Qa4 39.h4 Nf7 40.Qd5 Qc2 41.e6 Ne5 42.Nxe5 dxe5 43.e7+ Kh8
44.Qxe5 d3 45.Qe4 Qc3 46.Re3 Qxa5 47.Qxd3 Rxb6 48.Rf1 Rbb8 49.Ref3  1-0

[Event "Chicago Open 2013"]
[Site "Wheeling USA"]
[Date "2013.05.27"]
[Round "8.3"]
[White "Fishbein,A"]
[Black "Akobian,V"]
[Result "1/2-1/2"]
[WhiteElo "2506"]
[BlackElo "2616"]

1.e4 c6 2.d4 d5 3.Nc3 dxe4 4.Nxe4 Bf5 5.Nc5 b6 6.Nb3 e6 7.Nf3 Bd6 8.g3 Nf6
9.Bg2 Nbd7 10.O-O O-O 11.Re1 Rc8 12.Ne5 c5 13.Nxd7 Qxd7 14.dxc5 bxc5 15.Bg5 Rfd8
16.c4 Qa4 17.Qc1 Be7 18.Qc3 h6 19.Bf4 Nh5 20.Be3 Bf6 21.Qa5 Qxa5 22.Nxa5 Bxb2
23.Rad1 Bd4 24.Nc6 Rd7 25.Bxd4 cxd4 26.Rxd4 Rxd4 27.Nxd4 Rxc4 28.Nxf5 exf5
29.Bd5 Rc7 30.a4 Nf6 31.Bf3 Rc8 32.Re7 a5  1/2-1/2